RNA polymerase
Saved in:
| Corporate Author: | |
|---|---|
| Other Authors: | , |
| Format: | Book |
| Language: | English |
| Published: |
New York :
Cold Spring Harbor Laboratory,
1976
|
| Series: | Cold Spring Harbor monograph series
|
| Subjects: | |
| Tags: |
Add Tag
No Tags, Be the first to tag this record!
|
MARC
| LEADER | 00000cam a2200000 i 4500 | ||
|---|---|---|---|
| 001 | 1/7078 | ||
| 008 | 000619s1976 eng d | ||
| 020 | |a 0879691158 | ||
| 035 | |l 10062157 | ||
| 040 | |a GR-MY-UA |b gre |e aacr | ||
| 041 | 0 | |a eng | |
| 082 | 0 | |a 572.88 | |
| 245 | 1 | 0 | |a RNA polymerase / |c edited by R. Losick, M. Chamberlin |
| 260 | |a New York : |b Cold Spring Harbor Laboratory, |c 1976 | ||
| 300 | |a ix, 899 p. |b ill. | ||
| 490 | 1 | |a Cold Spring Harbor monograph series | |
| 500 | |a Based on the 1975 Cold Spring Harbor meeting on RNA polymerase | ||
| 504 | |a Includes bibliographies and indexes | ||
| 650 | 0 | 0 | |a RNA polymerases |x Congresses. |
| 700 | 1 | |a Chamberlin, Michael. |4 edt | |
| 700 | 1 | |a Losick, Richard. |4 edt | |
| 710 | 2 | |a Cold Spring Harbor Laboratory. | |
| 830 | 0 | |a Cold Spring Harbor monograph series | |
| 852 | |a INST |b LESVOS |e 20000619 |h 572.88 RNA |p 005100020864 |q 005100020864 |t BK |y 0 | ||
| 909 | |a Λ |b 072908 | ||
| 970 | |z 2000/06/ΟΙΚΟΝΟΜΟΠΟΥΛΟΥ ΧΡΙΣΤΙΝΑ | ||